An algebraic approach to association schemes
Αποθηκεύτηκε σε:
| Κύριος συγγραφέας: | |
|---|---|
| Μορφή: | Βιβλίο |
| Γλώσσα: | English |
| Δημοσίευση: |
Berlin ; Heidelberg :
Springer,
c1996
|
| Σειρά: | Lecture notes in mathematics (Springer-Verlag)
; 1628 |
| Θέματα: | |
| Ετικέτες: |
Προσθήκη ετικέτας
Δεν υπάρχουν, Καταχωρήστε ετικέτα πρώτοι!
|
MARC
| LEADER | 00000nam a2200000 i 4500 | ||
|---|---|---|---|
| 001 | 1/92861 | ||
| 008 | 991116s1996 eng d | ||
| 020 | |a 3540614001 | ||
| 035 | |l 10054205 | ||
| 040 | |a GR-MY-UA |b gre |e aacr | ||
| 041 | 0 | |a eng | |
| 082 | 0 | |a 511.6 | |
| 100 | 1 | |a Zieschang, Paul-Hermann |d 1953- | |
| 245 | 1 | 3 | |a An algebraic approach to association schemes / |c Paul-Hermann Zieschang |
| 260 | |a Berlin ; Heidelberg : |b Springer, |c c1996 | ||
| 300 | |a xii, 189 p.; |c 24 cm. | ||
| 490 | 1 | |a Lecture notes in mathematics (Springer-Verlag) |v ; 1628 | |
| 500 | |a Includes bibliographical references and index | ||
| 650 | 0 | 0 | |a Association schemes (Combinatorial analysis) |
| 650 | 0 | 0 | |a Buildings (Group theory) |
| 650 | 0 | 0 | |a Finite geometries. |
| 830 | 0 | |a Lecture notes in mathematics (Springer-Verlag) |v ; 1628 | |
| 852 | |a INST |b SAMOS |e 19991116 |h 511.6 ZIE |p 005300017032 |q 005300017032 |t BK |y 0 | ||
| 901 | |a BIBL3-1999-3 | ||
| 909 | |a Σ |b 067296 | ||
| 922 | |a 3ΕΛΗ |b 199909 |c ΕΠΕΑΕΚ/ΜΑΘ |d ΠΑΠΑΣΩΤΗΡΙΟΥ | ||
| 970 | |a ΓΕΝΟΥΖΟΥ |b ΧΡΥΣΑΝΘΗ |z 1999/11/16 | ||